ბათუმის შოთა რუსთაველის სახელმწიფო უნივერსიტეტის ბიბლიოთეკა

კრისტალოგრაფია და კრისტალოქიმია. (ბიბ.ჩანაწერი № 45002)

000 -LEADER
fixed length control field 01039nam a2200241Ia 4500
001 - CONTROL NUMBER
control field 11823
003 - CONTROL NUMBER IDENTIFIER
control field GE_BSU
008 - FIXED-LENGTH DATA ELEMENTS--GENERAL INFORMATION
fixed length control field 181216s||||||||xx |||||||||||||| ||und||
040 ## - CATALOGING SOURCE
Transcribing agency GE_BSU
080 ## - UNIVERSAL DECIMAL CLASSIFICATION NUMBER
Universal Decimal Classification number 548(075.8)+548.3(075.8)
100 ## - MAIN ENTRY--PERSONAL NAME
Personal name ხარაშვილი,გ.
245 ## - TITLE STATEMENT
Title კრისტალოგრაფია და კრისტალოქიმია.
245 ## - TITLE STATEMENT
Remainder of title სახელმძღვ.უმაღლესი ტექნიკური სასწავლებლებისათვის.
245 ## - TITLE STATEMENT
Statement of responsibility, etc. რედ:მ.ღუდუშაური.
260 ## - PUBLICATION, DISTRIBUTION, ETC.
Place of publication, distribution, etc. თბილისი
260 ## - PUBLICATION, DISTRIBUTION, ETC.
Name of publisher, distributor, etc. განათლება
260 ## - PUBLICATION, DISTRIBUTION, ETC.
Date of publication, distribution, etc. 1984
300 ## - PHYSICAL DESCRIPTION
Extent 351გვ;22სმ.
300 ## - PHYSICAL DESCRIPTION
Other physical details ილ.
653 ## - INDEX TERM--UNCONTROLLED
Uncontrolled term კრისტალოგრაფია და კრისტალოქიმია.სახელმძღვ.უმაღლესი ტექნიკური სასწავლებლებისათვის.
653 ## - INDEX TERM--UNCONTROLLED
Uncontrolled term ქიმია
942 ## - ADDED ENTRY ELEMENTS (KOHA)
Koha item type წიგნი
ეგზემპლარები
Withdrawn status Lost status Damaged status Not for loan Date acquired Barcode Date last seen Price effective from Koha item type
        2018-12-17 20385 2018-12-17 2018-12-17 წიგნი